000 00237nam a22001217a 4500
003 SGT
082 _a325.21
_bRAI
100 _aRAI RAGHU
245 _aREFUGEES IN INDIA
250 _a1
260 _aINDIA
_bUNHCR
_c2015
942 _2ddc
_cBK
999 _c33445
_d33445